[Event "KEM Mitte 2017"]
[Site "?"]
[Date "2017.01.07"]
[Round "3.2"]
[White "Bachhuber, Dominik"]
[Black "Konsek, Peter"]
[Result "0-1"]
[WhiteElo "1909"]
[BlackElo "2083"]
[PlyCount "79"]
[EventDate "2017.??.??"]
[WhiteTeam "SC JäKLECHEMIE"]
[BlackTeam "SW Nürnberg Süd"]

1. e4 c5 2. Nf3 Nc6 3. d4 cxd4 4. Nxd4 e5 5. Nb3 Nf6 6. f3 d5 7. exd5 Nxd5 8.
c4 Bb4+ 9. Bd2 Ne3 10. Qc1 Bf5 11. Na3 Nxf1 12. Rxf1 Qh4+ 13. Rf2 Qxh2 14. g4
Qg1+ 15. Ke2 Bd3+ 16. Ke3 Qg3 17. Qg1 Qxg1 18. Rxg1 Bxa3 19. Kxd3 Bxb2 20. Rh1
O-O-O+ 21. Kc2 Ba3 22. Rfh2 h6 23. g5 h5 24. Rxh5 Rxh5 25. Rxh5 Kd7 26. Rh7 Bf8
27. Kd3 Ke6+ 28. Ke4 g6 29. Be3 b6 30. Rh1 Nb4 31. f4 exf4 32. Kxf4 Bg7 33. Bd2
Nd3+ 34. Ke3 Ne5 35. Nd4+ Kd7 36. Rc1 Rc8 37. c5 bxc5 38. Nb3 c4 39. Na5 Re8
40. Kd4 0-1

[Event "KEM Mitte 2017"]
[Site "?"]
[Date "2017.01.07"]
[Round "3.3"]
[White "Neumann, Robert"]
[Black "Petrashov, Alexander"]
[Result "0-1"]
[WhiteElo "1912"]
[BlackElo "1888"]
[PlyCount "128"]
[EventDate "2017.??.??"]
[WhiteTeam "SC Noris-Tarrasch Nürnberg"]
[BlackTeam "SC Noris-Tarrasch Nürnberg"]

1. d4 e6 2. Nf3 d5 3. c4 Nf6 4. Nc3 c6 5. g3 Nbd7 6. Bg2 Bd6 7. Qd3 O-O 8. O-O
b6 9. e4 dxe4 10. Nxe4 Nxe4 11. Qxe4 Bb7 12. b3 Rb8 13. Bb2 c5 14. Qe2 Qe7 15.
Rad1 cxd4 16. Nxd4 Bxg2 17. Kxg2 Rbc8 18. Nb5 Bb8 19. Qg4 f5 20. Qf3 Nc5 21.
Rfe1 a6 22. Nc3 Rcd8 23. b4 Rxd1 24. Rxd1 Nb7 25. a3 Qc7 26. Re1 Nd8 27. Qd3
Qc6+ 28. f3 Bc7 29. Qd4 Rf7 30. Rd1 e5 31. Qd5 Qe6 32. Qxe6 Nxe6 33. Nd5 Nf8
34. Re1 Ng6 35. Nxc7 Rxc7 36. Bxe5 Rxc4 37. Kf2 Rc2+ 38. Kg1 Kf7 39. Bd6 Rc3
40. a4 Rxf3 41. Bc7 Rb3 42. a5 b5 43. Bd6 Rd3 44. Bc5 Rd5 45. Kg2 Ne5 46. Re2
Nd7 47. Ba7 Re5 48. Rc2 Ke7 49. Rc6 Re6 50. Rc8 Kd6 51. Rg8 g6 52. Rh8 Ne5 53.
Rxh7 Nd3 54. Bb8+ Kd5 55. Rd7+ Kc4 56. Ba7 Nxb4 57. Rd4+ Kb3 58. Bc5 Nc6 59.
Rf4 Nxa5 60. g4 fxg4 61. Rxg4 Nc4 62. Rg3+ Ka4 63. Rg4 Rc6 64. Bf8 b4 0-1

[Event "KEM Mitte 2017"]
[Site "?"]
[Date "2017.01.07"]
[Round "3.4"]
[White "Süß, Helmut"]
[Black "Corral, Carlos"]
[Result "0-1"]
[WhiteElo "1921"]
[BlackElo "2015"]
[PlyCount "88"]
[EventDate "2017.??.??"]
[WhiteTeam "SC Noris-Tarrasch Nürnberg"]
[BlackTeam "SC Noris-Tarrasch Nürnberg"]

1. d4 c5 2. d5 e5 3. c4 d6 4. Nc3 Be7 5. e4 Bg5 6. Nf3 Bxc1 7. Rxc1 Nf6 8. Qd2
a6 9. a4 Nbd7 10. Bd3 Nf8 11. O-O Ng6 12. Ne2 h5 13. h3 h4 14. b4 b6 15. bxc5
bxc5 16. a5 Nh5 17. Rb1 Nhf4 18. Nxf4 Nxf4 19. Rb6 Rh6 20. Kh2 Rg6 21. Rg1 Qf6
22. Ne1 Bd7 23. Bf1 Qg5 24. Nf3 Qf6 25. Ne1 Ke7 26. Rb7 Rh6 27. Qc2 Ke8 28. Qb2
Rd8 29. Rb8 Bc8 30. Qd2 Qg5 31. Nf3 Qh5 32. Qe3 Rf6 33. g4 hxg3+ 34. Rxg3 Rg6
35. Rxg6 fxg6 36. Ng1 g5 37. f3 Qh4 38. Bg2 Ke7 39. Qd2 Bxh3 40. Rb7+ Bd7+ 41.
Nh3 Rh8 42. Qb2 Rd8 43. Qf2 Nxg2 44. Qxg2 Rh8 0-1

[Event "KEM Mitte 2017"]
[Site "?"]
[Date "2017.01.07"]
[Round "3.5"]
[White "Mantel, Ruben"]
[Black "Thürauf, Peter"]
[Result "1-0"]
[WhiteElo "1949"]
[BlackElo "1842"]
[PlyCount "65"]
[EventDate "2017.??.??"]
[WhiteTeam "Zabo-Eintracht Nürnberg"]
[BlackTeam "SW Nürnberg Süd"]

1. e4 c5 2. Nc3 Nc6 3. g3 g6 4. Bg2 Bg7 5. d3 d6 6. Be3 e6 7. Qd2 Nge7 8. Bh6
O-O 9. h4 Bxh6 10. Qxh6 f6 11. O-O-O Kh8 12. Nge2 Rf7 13. d4 cxd4 14. Nxd4 Nxd4
15. Rxd4 d5 16. exd5 e5 17. Rdd1 Bg4 18. f3 Bd7 19. g4 Qa5 20. Kb1 b5 21. Ne4
Qb6 22. Qd2 Rc8 23. g5 Bf5 24. Bh3 Bxh3 25. Rxh3 f5 26. Nf6 h5 27. d6 Nc6 28.
Qd5 Kg7 29. Rhh1 Kf8 30. d7 Rd8 31. Qe6 Qb7 32. Rd6 Nd4 33. Qe8+ 1-0

[Event "KEM Mitte 2017"]
[Site "?"]
[Date "2017.01.07"]
[Round "3.7"]
[White "Leis, Stefan"]
[Black "Berntgen, Henri"]
[Result "1/2-1/2"]
[WhiteElo "1967"]
[BlackElo "1537"]
[PlyCount "82"]
[EventDate "2017.??.??"]
[WhiteTeam "SC Mühlhof-Reichelsdorf"]
[BlackTeam "SW Nürnberg Süd"]

1. d4 b5 2. Nf3 Nf6 3. e3 a6 4. a4 b4 5. c4 bxc3 6. bxc3 e6 7. Bd3 c5 8. O-O d5
9. Ne5 c4 10. Bc2 Qa5 11. f4 Bb7 12. f5 Nbd7 13. fxe6 fxe6 14. e4 Nxe5 15. dxe5
Nxe4 16. Bxe4 dxe4 17. Qe2 Qxe5 18. Be3 Bc5 19. Nd2 Bxe3+ 20. Qxe3 Rc8 21. Rab1
Qd5 22. Rxb7 Qxb7 23. Nxe4 Rc6 24. Qf4 Qc7 25. Qf3 Kd8 26. h3 Kc8 27. Qh5 Qb6+
28. Kh1 Rc7 29. Qe5 Rd8 30. a5 Qc6 31. Rb1 Rd5 32. Qf4 Rb7 33. Rf1 Rbd7 34. Qg4
Rxa5 35. Rf8+ Kb7 36. Rf4 Ra1+ 37. Kh2 h6 38. Ng3 Ra4 39. Ne2 Qd6 40. Ng3 Qc6
41. Re4 Ra2 1/2-1/2

[Event "KEM Mitte 2017"]
[Site "?"]
[Date "2017.01.07"]
[Round "3.8"]
[White "Bolten, Daniel"]
[Black "Babichev, Vyacheslav"]
[Result "1-0"]
[WhiteElo "2075"]
[BlackElo "1863"]
[PlyCount "55"]
[EventDate "2017.??.??"]
[WhiteTeam "SW Nürnberg Süd"]
[BlackTeam "SW Nürnberg Süd"]

1. d4 Nf6 2. Nf3 g6 3. c4 Bg7 4. g3 O-O 5. Bg2 d6 6. O-O Nbd7 7. Qc2 c6 8. Nc3
Rb8 9. Rd1 a6 10. Bf4 Nh5 11. Be3 f5 12. Ng5 Ndf6 13. d5 c5 14. Rab1 Ng4 15.
Bd2 h6 16. Nf3 Kh7 17. h3 Ngf6 18. Nh4 Qe8 19. e4 Ng8 20. exf5 gxf5 21. g4 Nhf6
22. Ne2 e6 23. dxe6 Bxe6 24. Nf4 Bf7 25. Qxf5+ Bg6 26. Nhxg6 Rf7 27. Nf8+ Kh8
28. N4g6# 1-0

[Event "KEM Mitte 2017"]
[Site "?"]
[Date "2017.01.07"]
[Round "3.9"]
[White "Dyroff, Roland"]
[Black "Rausch, Wolfgang sr"]
[Result "1-0"]
[WhiteElo "1806"]
[BlackElo "1880"]
[PlyCount "59"]
[EventDate "2017.??.??"]
[WhiteTeam "SW Nürnberg Süd"]
[BlackTeam "SW Nürnberg Süd"]

1. e4 c6 2. b3 d5 3. Bb2 dxe4 4. Nc3 Nf6 5. Qe2 Bf5 6. O-O-O e6 7. h3 h5 8. g3
Qb6 9. Bg2 Nbd7 10. Nxe4 Nxe4 11. Bxe4 Bxe4 12. Qxe4 Qxf2 13. Nf3 Qc5 14. Bd4
Qd5 15. Qe3 c5 16. Bb2 Nf6 17. Ng5 Be7 18. c4 Qc6 19. Rhe1 b5 20. cxb5 Qxb5 21.
Nxf7 Kxf7 22. Qxe6+ Kg6 23. Qxe7 Rhe8 24. Qd6 Rad8 25. Qf4 Qd3 26. h4 Qd5 27.
Re5 Rxe5 28. Bxe5 Qf7 29. Rf1 Rf8 30. Qf5+ 1-0

[Event "KEM Mitte 2017"]
[Site "?"]
[Date "2017.01.07"]
[Round "3.10"]
[White "Bildt, Maximilian"]
[Black "Pörzgen, Michael"]
[Result "1-0"]
[WhiteElo "2045"]
[BlackElo "1658"]
[PlyCount "61"]
[EventDate "2017.??.??"]
[WhiteTeam "SK Zirndorf"]
[BlackTeam "SW Nürnberg Süd"]

1. e4 d5 2. exd5 Nf6 3. Nf3 Qxd5 4. Nc3 Qh5 5. d4 Bg4 6. Bf4 Bxf3 7. gxf3 c6 8.
Bc4 e6 9. Ne4 Nxe4 10. fxe4 Qxd1+ 11. Rxd1 Nd7 12. d5 Nb6 13. dxc6 bxc6 14. Ba6
Rd8 15. Rxd8+ Kxd8 16. Bb7 c5 17. O-O g5 18. Rd1+ Ke7 19. Bxg5+ f6 20. Be3 Kf7
21. b3 Be7 22. a4 a5 23. Kf1 Rb8 24. Ba6 Ra8 25. Be2 Ra7 26. Bh5+ Kg7 27. Ke2
Kh8 28. Bh6 Rd7 29. Bf7 Rxd1 30. Kxd1 e5 31. Bd2 1-0

[Event "KEM Mitte 2017"]
[Site "?"]
[Date "2017.01.07"]
[Round "3.11"]
[White "Dippel, Jörg"]
[Black "Walch, Roger"]
[Result "0-1"]
[WhiteElo "1805"]
[BlackElo "1701"]
[PlyCount "64"]
[EventDate "2017.??.??"]
[WhiteTeam "SC Anderssen"]
[BlackTeam "SW Nürnberg Süd"]

1. e4 e6 2. d3 d5 3. Nd2 g6 4. Ngf3 Bg7 5. g3 c5 6. Bg2 Nc6 7. c3 Nf6 8. O-O
O-O 9. Re1 a5 10. h4 b6 11. e5 Ng4 12. d4 cxd4 13. cxd4 f6 14. Bh3 h5 15. Nf1
fxe5 16. Bxg4 hxg4 17. Nxe5 Nxe5 18. dxe5 d4 19. Qxg4 Ra7 20. Bf4 Qd5 21. Nd2
Raf7 22. Ne4 Bxe5 23. Bh6 Bg7 24. Qxg6 e5 25. Ng5 Bf5 26. Qh5 Rf6 27. Bxg7 Kxg7
28. Rad1 Bg6 29. Qg4 Rxf2 30. Re4 R8f5 31. Rc1 Kh6 32. Qh3 Rxb2 0-1

[Event "KEM Mitte 2017"]
[Site "?"]
[Date "2017.01.07"]
[Round "3.12"]
[White "Albayrak, Aylin"]
[Black "Llugiq, Bajram"]
[Result "1-0"]
[WhiteElo "1668"]
[BlackElo "1827"]
[PlyCount "105"]
[EventDate "2017.??.??"]
[WhiteTeam "Zabo-Eintracht Nürnberg"]
[BlackTeam "SW Nürnberg Süd"]

1. d4 e6 2. c4 Nf6 3. Nc3 d5 4. Nf3 Be7 5. Bg5 c6 6. Bxf6 Bxf6 7. e4 dxe4 8.
Nxe4 O-O 9. Be2 Be7 10. c5 Nd7 11. b4 Nf6 12. Qc2 Nd5 13. a3 a5 14. b5 cxb5 15.
Bxb5 a4 16. O-O Bd7 17. Bd3 Rc8 18. Ne5 Be8 19. Rfd1 f5 20. Ng3 Bf6 21. Nf3 b6
22. Rac1 bxc5 23. dxc5 Qc7 24. Bxf5 exf5 25. Rxd5 g6 26. h4 Bf7 27. Rd3 Bb3 28.
Qd2 Rcd8 29. Nd4 Bxd4 30. Rxd4 Rxd4 31. Qxd4 Rd8 32. Qf6 Rf8 33. Qg5 Kg7 34.
Nh5+ Kg8 35. c6 Rc8 36. Nf6+ Kg7 37. Nh5+ Kg8 38. Nf4 Qd6 39. c7 Rxc7 40. Rxc7
Qxc7 41. h5 Bf7 42. h6 Qc1+ 43. Kh2 Qxa3 44. Nh5 Qd6+ 45. g3 Kf8 46. Nf6 Bg8
47. Nxg8 Kxg8 48. Qh4 a3 49. Qc4+ Kf8 50. Qc3 Qe7 51. Qh8+ Kf7 52. Qxh7+ Kf6
53. Qxe7+ 1-0

[Event "KEM Mitte 2017"]
[Site "?"]
[Date "2017.01.07"]
[Round "3.13"]
[White "Rummel, Gerald"]
[Black "Weißmann, Peter"]
[Result "1-0"]
[WhiteElo "1772"]
[BlackElo "1737"]
[PlyCount "36"]
[EventDate "2017.??.??"]
[WhiteTeam "SC Anderssen"]
[BlackTeam "SK Zirndorf"]

1. Nf3 c5 2. c4 g6 3. g3 Nc6 4. Bg2 Bg7 5. O-O d6 6. Nc3 e5 7. d3 Nge7 8. Ne1
O-O 9. Nc2 Be6 10. Ne3 Qd7 11. Ned5 Bh3 12. Rb1 Bxg2 13. Kxg2 Nxd5 14. Nxd5 Ne7
15. e4 Nxd5 16. cxd5 f5 17. f4 fxe4 18. dxe4 Qa4 1-0

[Event "KEM Mitte 2017"]
[Site "?"]
[Date "2017.01.07"]
[Round "3.14"]
[White "Diebel, Günter"]
[Black "Münzenberg, Dietrich"]
[Result "1-0"]
[WhiteElo "1874"]
[BlackElo "1688"]
[PlyCount "81"]
[EventDate "2017.??.??"]
[WhiteTeam "SW Nürnberg Süd"]
[BlackTeam "Zabo-Eintracht Nürnberg"]

1. e4 c6 2. d4 d5 3. e5 Bf5 4. g4 Be4 5. f3 Bg6 6. h4 h5 7. g5 e6 8. Bd3 Ne7 9.
Bxg6 Nxg6 10. Qd3 c5 11. f4 cxd4 12. Qxd4 Nc6 13. Qa4 Bc5 14. c3 O-O 15. Ne2
Qb6 16. Qb3 Bf2+ 17. Kf1 a5 18. Qxb6 Bxb6 19. Ng3 f6 20. exf6 gxf6 21. Nxh5
fxg5 22. hxg5 e5 23. Nf6+ Rxf6 24. gxf6 Kf7 25. f5 Nf8 26. Bg5 d4 27. Nd2 dxc3
28. bxc3 Rd8 29. Nc4 Bc5 30. Rb1 Rd7 31. Ke2 e4 32. Rhd1 Rxd1 33. Kxd1 Nd8 34.
Ne5+ Kg8 35. Ke2 b6 36. Rd1 Nf7 37. Nxf7 Kxf7 38. Rd8 Bg1 39. Rb8 Bc5 40. Rb7+
Ke8 41. f7# 1-0

[Event "KEM Mitte 2017"]
[Site "?"]
[Date "2017.01.07"]
[Round "3.15"]
[White "Leuschner, Günter"]
[Black "Thoma, Dirk"]
[Result "1-0"]
[WhiteElo "1923"]
[BlackElo "1642"]
[PlyCount "93"]
[EventDate "2017.??.??"]
[WhiteTeam "SW Nürnberg Süd"]
[BlackTeam "SC Noris-Tarrasch Nürnberg"]

1. Nf3 Nf6 2. d3 e6 3. g3 b6 4. Bg2 Bb7 5. O-O Be7 6. c4 d6 7. Nc3 Nbd7 8. a3
a5 9. Bd2 O-O 10. Rc1 c5 11. Nb5 a4 12. Nc3 Ne8 13. Nxa4 d5 14. cxd5 exd5 15.
d4 Bc6 16. Nc3 Nef6 17. Bf4 Ne4 18. dxc5 Nxc3 19. Rxc3 Bf6 20. Nd4 Bxd4 21.
Qxd4 Nxc5 22. Be3 Ra4 23. b4 Ne6 24. Qxb6 Qxb6 25. Bxb6 Bb5 26. Bxd5 Bxe2 27.
Re1 Bg4 28. f3 Bh3 29. Ba5 Nd4 30. Re4 Nb5 31. Rc5 Nd6 32. Re3 Nf5 33. Rec3 Nd4
34. Rd3 Re8 35. Rxd4 Re1+ 36. Kf2 Rf1+ 37. Ke3 Rxa3+ 38. Kf4 h6 39. Be4 g5+ 40.
Ke5 Kg7 41. Bd8 f5 42. Bf6+ Kg6 43. Rd6 fxe4 44. Bg7+ Kh7 45. Rc7 Ra8 46. Rxh6+
Kg8 47. Rh8# 1-0

[Event "KEM Mitte 2017"]
[Site "?"]
[Date "2017.01.07"]
[Round "3.17"]
[White "Denninger, David"]
[Black "Hahn, Thomas"]
[Result "1/2-1/2"]
[WhiteElo "1530"]
[BlackElo "1647"]
[PlyCount "119"]
[EventDate "2017.??.??"]
[WhiteTeam "TSV Cadolzburg"]
[BlackTeam "Zabo-Eintracht Nürnberg"]

1. e4 c5 2. c3 d6 3. Nf3 Nf6 4. e5 dxe5 5. Nxe5 Qc7 6. d4 Nc6 7. Bb5 Bd7 8.
Nxd7 Nxd7 9. d5 Ncb8 10. O-O a6 11. Bxd7+ Nxd7 12. c4 g6 13. Bd2 Bg7 14. Nc3
O-O 15. b3 Rfe8 16. Rc1 Rad8 17. Qf3 Qd6 18. Ne4 Qc7 19. Ng5 Nf6 20. Bc3 h6 21.
Bxf6 exf6 22. Ne4 f5 23. Ng3 Qa5 24. a4 Re7 25. Rfd1 Rde8 26. Nf1 Qb4 27. Ne3
b5 28. Nc2 Qa5 29. axb5 axb5 30. g3 bxc4 31. bxc4 Qa2 32. Re1 Qxc4 33. Ne3 Qb4
34. d6 Rd7 35. Qc6 Red8 36. Red1 Qe4 37. Qxc5 Qf3 38. Nc4 Bf8 39. Qd5 Qxd5 40.
Rxd5 f6 41. f4 Bxd6 42. Rxd6 Rxd6 43. Nxd6 Rxd6 44. Rc7 Rd2 45. Rc8+ Kf7 46.
Rc7+ Kf8 47. Rc8+ Ke7 48. Rh8 h5 49. Rh7+ Kf8 50. Rb7 Re2 51. h4 Re7 52. Rb8+
Kf7 53. Kf2 g5 54. Rh8 Kg6 55. Rg8+ Rg7 56. Rxg7+ Kxg7 57. Ke3 Kf7 58. Kd4 gxh4
59. gxh4 Ke7 60. Kc4 1/2-1/2

[Event "KEM Mitte 2017"]
[Site "?"]
[Date "2017.01.07"]
[Round "3.18"]
[White "Lingl, Peter"]
[Black "Meyer, Robert"]
[Result "0-1"]
[WhiteElo "1661"]
[BlackElo "1731"]
[PlyCount "50"]
[EventDate "2017.??.??"]
[WhiteTeam "SC JäKLECHEMIE"]
[BlackTeam "SC Stein"]

1. e4 e6 2. d4 d5 3. Nd2 Nf6 4. Bd3 dxe4 5. Nxe4 Nc6 6. c3 Be7 7. Be3 O-O 8.
Ne2 Nd5 9. O-O Nxe3 10. fxe3 f5 11. N4g3 Bd6 12. b4 Ne7 13. Qb3 Kh8 14. Rf3 Ng6
15. Raf1 Bd7 16. Nh5 Qg5 17. Nhf4 Nxf4 18. Nxf4 Qe7 19. Rh3 Bxf4 20. Rxf4 g5
21. Rf2 g4 22. Rg3 h5 23. Qd1 Rg8 24. Rf4 h4 25. Rh3 gxh3 0-1

[Event "KEM Mitte 2017"]
[Site "?"]
[Date "2017.01.07"]
[Round "3.19"]
[White "Nüßlein, Christian"]
[Black "Huber, Dominik"]
[Result "0-1"]
[WhiteElo "1929"]
[BlackElo "1156"]
[PlyCount "50"]
[EventDate "2017.??.??"]
[WhiteTeam "SGem Nürnberg"]
[BlackTeam "SC Noris-Tarrasch Nürnberg"]

1. e4 c6 2. d4 d5 3. Nc3 dxe4 4. Nxe4 Bf5 5. Ng3 Bg6 6. h4 h6 7. c3 e6 8. Nf3
Nf6 9. Bd3 Bxd3 10. Qxd3 c5 11. Ne5 Qd5 12. O-O Bd6 13. Re1 cxd4 14. cxd4 Nc6
15. Bf4 Qxd4 16. Qb5 Qxf4 17. Qxb7 O-O 18. Nxc6 Bc5 19. Re2 Qxg3 20. b4 Ng4 21.
Ne7+ Kh7 22. Qe4+ f5 23. Qxg4 Bxf2+ 24. Rxf2 fxg4 25. Rd2 Qe3+ 0-1

[Event "KEM Mitte 2017"]
[Site "?"]
[Date "2017.01.07"]
[Round "3.22"]
[White "Albayrak, Nese Pinar"]
[Black "Müller, Ludwig"]
[Result "1-0"]
[WhiteElo "1095"]
[BlackElo "1781"]
[PlyCount "87"]
[EventDate "2017.??.??"]
[WhiteTeam "Zabo-Eintracht Nürnberg"]
[BlackTeam "SGem Nürnberg"]

1. e4 c5 2. Nf3 Nc6 3. Bc4 e6 4. d4 cxd4 5. Nxd4 a6 6. a4 g6 7. O-O Nge7 8. Re1
Bg7 9. Be3 O-O 10. Nc3 Qc7 11. Nf3 Ne5 12. Bb3 Nxf3+ 13. Qxf3 Bxc3 14. bxc3
Qxc3 15. Red1 Nc6 16. Rac1 b5 17. Rd3 Qg7 18. Qh3 h5 19. Bc5 Re8 20. axb5 axb5
21. Rdd1 Na5 22. Bd4 e5 23. Bc3 Nxb3 24. cxb3 f6 25. Qd3 Rb8 26. Bb4 Qf7 27.
Rb1 Re6 28. Rdc1 Qe8 29. Qd5 Kg7 30. Rc3 Rc6 31. Rxc6 dxc6 32. Qd6 Be6 33. Qc7+
Kh6 34. Bd2+ g5 35. h4 Rc8 36. hxg5+ Kg6 37. Qb6 fxg5 38. Qe3 Qe7 39. Qg3 Bd7
40. Rc1 Qf6 41. Qd3 Rd8 42. Ba5 Ra8 43. Qxd7 Qf7 44. Qxc6+ 1-0

[Event "KEM Mitte 2017"]
[Site "?"]
[Date "2017.01.07"]
[Round "3.23"]
[White "Possart, Dennis"]
[Black "Berntgen, Michael"]
[Result "1/2-1/2"]
[WhiteElo "1252"]
[BlackElo "1637"]
[PlyCount "56"]
[EventDate "2017.??.??"]
[WhiteTeam "SC Noris-Tarrasch Nürnberg"]
[BlackTeam "SW Nürnberg Süd"]

1. e4 Nf6 2. Nc3 d5 3. exd5 Nxd5 4. Bc4 Nxc3 5. bxc3 Nc6 6. Ba3 g6 7. Nf3 Bg7
8. Rb1 O-O 9. O-O Re8 10. Re1 a6 11. Ng5 e6 12. Nf3 b5 13. Bf1 e5 14. h3 Be6
15. Ra1 Bd5 16. Bc5 Bf8 17. Bxf8 Kxf8 18. d4 exd4 19. Rxe8+ Qxe8 20. Nxd4 Rd8
21. Qd2 Nxd4 22. Qxd4 Kg8 23. Qa7 Qc6 24. Qd4 Qd6 25. a4 c5 26. Qe3 b4 27. cxb4
cxb4 28. a5 Rc8 1/2-1/2

[Event "KEM Mitte 2017"]
[Site "?"]
[Date "2017.01.07"]
[Round "3.24"]
[White "Berg, Winfried"]
[Black "Hofmann, Tim"]
[Result "1-0"]
[WhiteElo "1595"]
[BlackElo "1311"]
[PlyCount "46"]
[EventDate "2017.??.??"]
[WhiteTeam "SW Nürnberg Süd"]
[BlackTeam "SW Nürnberg Süd"]

1. e4 b6 2. d4 e6 3. Bd3 Be7 4. Nc3 d5 5. Bf4 Ba6 6. Nf3 Bxd3 7. Qxd3 Nf6 8.
O-O O-O 9. Rfe1 Nbd7 10. exd5 exd5 11. Bxc7 Qxc7 12. Rxe7 Rae8 13. Rae1 Rxe7
14. Rxe7 Qd6 15. Re1 Qb4 16. Qb5 Qd6 17. h3 Nh5 18. Qxd5 Qxd5 19. Nxd5 h6 20.
Re7 Rd8 21. c4 g5 22. Ne5 Nxe5 23. Rxe5 b5 1-0

[Event "KEM Mitte 2017"]
[Site "?"]
[Date "2017.01.07"]
[Round "3.25"]
[White "Weidenhöfer, Robert"]
[Black "Sargsyan, Arusyak"]
[Result "1-0"]
[WhiteElo "1695"]
[BlackElo "930"]
[PlyCount "81"]
[EventDate "2017.??.??"]
[WhiteTeam "SW Nürnberg Süd"]
[BlackTeam "SW Nürnberg Süd"]

1. b3 d5 2. Bb2 Nc6 3. Nf3 Bg4 4. e3 Nf6 5. Bb5 Qd7 6. h3 Bxf3 7. Qxf3 a6 8.
Bd3 e5 9. Bf5 Qd8 10. d3 Nb4 11. Qe2 Qe7 12. a3 Nc6 13. O-O g6 14. Bg4 Nxg4 15.
Qxg4 f5 16. Qe2 O-O-O 17. Nd2 h5 18. f4 Bg7 19. Rae1 exf4 20. Bxg7 Qxg7 21.
Rxf4 Qf6 22. Ref1 Ne7 23. e4 dxe4 24. dxe4 Rhf8 25. exf5 gxf5 26. Nc4 h4 27.
Qf2 Rd5 28. Ne3 Re5 29. Ng4 Qe6 30. Nxe5 Qxe5 31. Re1 Qf6 32. Qxh4 Qxh4 33.
Rxh4 Nc6 34. Rf1 Ne7 35. g4 Kd7 36. gxf5 Nxf5 37. Rh7+ Ke8 38. Rxc7 b5 39. Rc8+
Ke7 40. Rxf8 Kxf8 41. Rxf5+ 1-0

[Event "KEM Mitte 2017"]
[Site "?"]
[Date "2017.01.07"]
[Round "3.26"]
[White "Barnowski, Roman"]
[Black "Albayrak, Melissa"]
[Result "1-0"]
[WhiteElo "1424"]
[BlackElo "765"]
[PlyCount "55"]
[EventDate "2017.??.??"]
[WhiteTeam "SW Nürnberg Süd"]
[BlackTeam "Zabo-Eintracht Nürnberg"]

1. Nf3 Nc6 2. c4 Nf6 3. g3 d6 4. Bg2 e5 5. Nc3 Be7 6. d3 O-O 7. h3 Bf5 8. Qb3
e4 9. dxe4 Nxe4 10. Qxb7 Nxc3 11. bxc3 Ne5 12. Nxe5 dxe5 13. Qxa8 Qxa8 14. Bxa8
e4 15. Bd5 Bf6 16. Bd2 Rd8 17. g4 e3 18. fxe3 Be4 19. Bxe4 Bh4+ 20. Kd1 Bf6 21.
Bd3 a5 22. a4 c5 23. Rb1 h6 24. Rb5 Rc8 25. Kc2 Rc6 26. Rb8+ Rc8 27. Rxc8+ Bd8
28. Rxd8# 1-0

[Event "KEM Mitte 2017"]
[Site "?"]
[Date "2017.01.07"]
[Round "3.27"]
[White "Hauck, Martin"]
[Black "Duong, Ba Duc"]
[Result "1-0"]
[WhiteElo "1488"]
[BlackElo "1328"]
[PlyCount "63"]
[EventDate "2017.??.??"]
[WhiteTeam "SC Noris-Tarrasch Nürnberg"]
[BlackTeam "SK Nürnberg"]

1. e4 e6 2. Nf3 d5 3. exd5 exd5 4. d4 c5 5. Be3 Nc6 6. Bb5 Qb6 7. Qe2 Be6 8.
O-O a6 9. Bxc6+ Qxc6 10. Ne5 Qc7 11. c4 Nf6 12. Nd2 Bd6 13. cxd5 Nxd5 14. Ndf3
Nxe3 15. fxe3 O-O-O 16. b3 f6 17. Nc4 Bxc4 18. Qxc4 Kb8 19. Rac1 b5 20. Qd3 Qe7
21. Kh1 g6 22. a4 cxd4 23. axb5 dxe3 24. bxa6 Qe8 25. a7+ Kxa7 26. Ra1+ Kb8 27.
Qa6 Bc5 28. Qa8+ Kc7 29. Qa5+ Kc6 30. Rfc1 Qe7 31. b4 e2 32. Rxc5+ 1-0

[Event "KEM Mitte 2017"]
[Site "?"]
[Date "2017.01.07"]
[Round "3.28"]
[White "Hamazaspyan, Seryozka"]
[Black "Nerreter, Bernd"]
[Result "1/2-1/2"]
[WhiteElo "1237"]
[BlackElo "1447"]
[PlyCount "102"]
[EventDate "2017.??.??"]
[WhiteTeam "SC Noris-Tarrasch Nürnberg"]
[BlackTeam "SC Noris-Tarrasch Nürnberg"]

1. e4 e5 2. f4 exf4 3. Nf3 d5 4. exd5 Nf6 5. d4 Nxd5 6. c4 Bb4+ 7. Bd2 Qe7+ 8.
Be2 Ne3 9. Qa4+ Nc6 10. d5 Bxd2+ 11. Nbxd2 Qb4 12. Bd1 Nxd1 13. Qxd1 Ne7 14.
Qb3 Qc5 15. O-O-O O-O 16. Ne4 Qe3+ 17. Qxe3 fxe3 18. Rhe1 Nf5 19. g4 Nd6 20.
Nxd6 cxd6 21. h3 Re8 22. Rd3 Bd7 23. Rdxe3 Rxe3 24. Rxe3 Re8 25. Rc3 f5 26.
gxf5 Bxf5 27. Nd4 Bd7 28. c5 dxc5 29. Rxc5 Rc8 30. Rxc8+ Bxc8 31. h4 Kf7 32.
Kd2 Kf6 33. Kc3 Ke5 34. Kc4 h6 35. Ne6 Bxe6 36. dxe6 Kxe6 37. h5 Kf5 38. b4 Kg5
39. a4 Kxh5 40. b5 Kg4 41. Kc5 h5 42. b6 a6 43. Kd6 h4 44. Kc7 h3 45. Kxb7 h2
46. Kxa6 h1=Q 47. a5 Qa8+ 48. Kb5 Kf4 49. a6 g5 50. b7 Qb8 51. Kb6 g4 1/2-1/2

[Event "KEM Mitte 2017"]
[Site "?"]
[Date "2017.01.07"]
[Round "4.1"]
[White "Konsek, Peter"]
[Black "Petrashov, Alexander"]
[Result "0-1"]
[WhiteElo "2083"]
[BlackElo "1888"]
[PlyCount "56"]
[EventDate "2017.??.??"]
[WhiteTeam "SW Nürnberg Süd"]
[BlackTeam "SC Noris-Tarrasch Nürnberg"]

1. e4 e6 2. d4 d5 3. Nc3 Nf6 4. e5 Nfd7 5. f4 c5 6. Nf3 Nc6 7. Be3 b6 8. Be2
Bb7 9. h4 h5 10. Ng5 Be7 11. f5 Nf8 12. fxe6 fxe6 13. Bxh5+ g6 14. Qf3 Rxh5 15.
Qf7+ Kd7 16. O-O-O Qe8 17. Qg8 cxd4 18. Nxd5 exd5 19. Qxd5+ Kc7 20. Bf4 Rd8 21.
Qc4 Kb8 22. Nf7 Rc8 23. Nd6 Bxd6 24. exd6 Qe4 25. g3 Nd7 26. Rhe1 Qd5 27. Qd3
Nb4 28. Qxg6 Rxc2+ 0-1

[Event "KEM Mitte 2017"]
[Site "?"]
[Date "2017.01.07"]
[Round "4.2"]
[White "Corral, Carlos"]
[Black "Erlbeck, Peter"]
[Result "1/2-1/2"]
[WhiteElo "2015"]
[BlackElo "2061"]
[PlyCount "52"]
[EventDate "2017.??.??"]
[WhiteTeam "SC Noris-Tarrasch Nürnberg"]
[BlackTeam "SW Nürnberg Süd"]

1. e4 c5 2. Nf3 Nc6 3. d4 cxd4 4. Nxd4 Nf6 5. Nc3 e6 6. Ndb5 d6 7. Bf4 e5 8.
Bg5 a6 9. Bxf6 gxf6 10. Na3 b5 11. Nd5 Bg7 12. c4 b4 13. Nc2 O-O 14. Ndxb4 Nxb4
15. Nxb4 Qb6 16. Qd2 Rb8 17. Nd3 f5 18. f3 fxe4 19. fxe4 Qd4 20. Rc1 Qxe4+ 21.
Qe2 f5 22. b3 Bh6 23. Rd1 Qd4 24. Qb2 Qe4+ 25. Qe2 Qd4 26. Qb2 Qe4+ 1/2-1/2

[Event "KEM Mitte 2017"]
[Site "?"]
[Date "2017.01.07"]
[Round "4.3"]
[White "Saathoff, Richard"]
[Black "Bolten, Daniel"]
[Result "1/2-1/2"]
[WhiteElo "2124"]
[BlackElo "2075"]
[PlyCount "23"]
[EventDate "2017.??.??"]
[WhiteTeam "SW Nürnberg Süd"]
[BlackTeam "SW Nürnberg Süd"]

1. e4 c5 2. Nf3 Nc6 3. d4 cxd4 4. Nxd4 e5 5. Nb5 d6 6. c4 Be7 7. N1c3 a6 8. Na3
f5 9. exf5 Bxf5 10. Bd3 Be6 11. Nc2 Nf6 12. O-O 1/2-1/2

[Event "KEM Mitte 2017"]
[Site "?"]
[Date "2017.01.07"]
[Round "4.4"]
[White "Adelhütte, Dennis"]
[Black "Mantel, Ruben"]
[Result "1/2-1/2"]
[WhiteElo "1962"]
[BlackElo "1949"]
[PlyCount "58"]
[EventDate "2017.??.??"]
[WhiteTeam "SC JÄKLECHEMIE"]
[BlackTeam "Zabo-Eintracht Nürnberg"]

1. d4 Nf6 2. c4 e6 3. Nc3 d5 4. Nf3 Be7 5. e3 O-O 6. Qc2 Nbd7 7. c5 c6 8. Bd3
Qc7 9. O-O e5 10. dxe5 Nxe5 11. Nxe5 Qxe5 12. Ne2 h6 13. Nd4 Qh5 14. b4 Ng4 15.
h3 Ne5 16. Be2 Qh4 17. f4 Ng6 18. Bb2 Bf6 19. Nf3 Qg3 20. Bxf6 Bxh3 21. Ne1
Qxe3+ 22. Kh1 Bf5 23. Qxf5 Qxe2 24. Rf3 gxf6 25. Qxf6 Qe6 26. Qc3 Qf5 27. Nc2
Kh7 28. Ne3 Qe4 29. Ng4 d4 1/2-1/2